|
|
|
|
| LEADER |
03320nam a22004695i 4500 |
| 001 |
978-3-540-73277-8 |
| 003 |
DE-He213 |
| 005 |
20150519175158.0 |
| 007 |
cr nn 008mamaa |
| 008 |
100301s2008 gw | s |||| 0|eng d |
| 020 |
|
|
|a 9783540732778
|9 978-3-540-73277-8
|
| 024 |
7 |
|
|a 10.1007/978-3-540-73277-8
|2 doi
|
| 040 |
|
|
|d GrThAP
|
| 050 |
|
4 |
|a RB45
|
| 072 |
|
7 |
|a MJF
|2 bicssc
|
| 072 |
|
7 |
|a MED038000
|2 bisacsh
|
| 082 |
0 |
4 |
|a 616.15
|2 23
|
| 245 |
1 |
0 |
|a Concise Manual of Hematology and Oncology
|h [electronic resource] /
|c edited by Dietmar P. Berger, Monika Engelhardt, Hartmut Henß, Roland Mertelsmann.
|
| 264 |
|
1 |
|a Berlin, Heidelberg :
|b Springer Berlin Heidelberg,
|c 2008.
|
| 300 |
|
|
|a XXI, 1002 p.
|b online resource.
|
| 336 |
|
|
|a text
|b txt
|2 rdacontent
|
| 337 |
|
|
|a computer
|b c
|2 rdamedia
|
| 338 |
|
|
|a online resource
|b cr
|2 rdacarrier
|
| 347 |
|
|
|a text file
|b PDF
|2 rda
|
| 505 |
0 |
|
|a Principles of Medical Oncology -- Special Diagnostics -- Pharmacology and Pharmacotherapy -- Supportive Treatment -- Particular Treatment Procedures -- Hematology and Hemostasis -- Hematological Neoplasia -- Medical Oncology -- Hematological and Oncological Emergencies -- Standard Operating Procedures (SOP) -- Standardized Treatment Protocols.
|
| 520 |
|
|
|a How Do We Treat? Hematology and Oncology have seen rapid progress and advances during recent years. Increased knowledge of tumor biology, epidemiology, molecular genetics, growth reg- lation, and cellular functions has led to novel therapeutic paradigms. Targeted trea- ment approaches, antibodies, immunotherapy, and other new techniques complement classic chemotherapy, radiotherapy, and surgery. Patients are increasingly well educated as web-based information on diagnostic and therapeutic options as well as quality ma- agement and tumor outcome data are readily available. In this dynamic and fast-paced environment, it is of central importance to base clinical decisions and medical practice on the best available evidence. Continuous quality ma- agement, with clinical process documentation, standardization, and evaluation, leads to improved patient care and long-term outcomes. For these reasons, we have started to systematically capture and evaluate data on diagnosis, treatment, and outcomes of p- tients with solid tumors and hematological neoplasms at the Freiburg University Med- cal Center. We have developed standard operating procedures, clinical pathways, and diagnostic and therapeutic processes, following the principles of “Good Clinical Pra- tice.” Tese processes (e.g., detailed protocols for chemotherapy application, treatment fowcharts, clinical pathways) are continuously tested and validated in clinical practice.
|
| 650 |
|
0 |
|a Medicine.
|
| 650 |
|
0 |
|a Hematology.
|
| 650 |
|
0 |
|a Oncology.
|
| 650 |
1 |
4 |
|a Medicine & Public Health.
|
| 650 |
2 |
4 |
|a Hematology.
|
| 650 |
2 |
4 |
|a Oncology.
|
| 700 |
1 |
|
|a Berger, Dietmar P.
|e editor.
|
| 700 |
1 |
|
|a Engelhardt, Monika.
|e editor.
|
| 700 |
1 |
|
|a Henß, Hartmut.
|e editor.
|
| 700 |
1 |
|
|a Mertelsmann, Roland.
|e editor.
|
| 710 |
2 |
|
|a SpringerLink (Online service)
|
| 773 |
0 |
|
|t Springer eBooks
|
| 776 |
0 |
8 |
|i Printed edition:
|z 9783540732761
|
| 856 |
4 |
0 |
|u http://dx.doi.org/10.1007/978-3-540-73277-8
|z Full Text via HEAL-Link
|
| 912 |
|
|
|a ZDB-2-SME
|
| 950 |
|
|
|a Medicine (Springer-11650)
|